সমাজ সংস্কৃতি ও ইতিহাস / (Record no. 44243)
[ view plain ]
| 000 -LEADER | |
|---|---|
| fixed length control field | 00868nam a2200229 a 4500 |
| 001 - CONTROL NUMBER | |
| control field | 44243 |
| 003 - CONTROL NUMBER IDENTIFIER | |
| rucl marc code | BD-RjUL |
| 005 - DATE AND TIME OF LATEST TRANSACTION | |
| control field | 20211209053825.0 |
| 008 - FIXED-LENGTH DATA ELEMENTS--GENERAL INFORMATION | |
| fixed length control field | 160716s1979 bg ||||| |||| 00| 0 ben d |
| 020 ## - INTERNATIONAL STANDARD BOOK NUMBER | |
| Terms of availability | : Tk. 17.00 |
| 035 ## - SYSTEM CONTROL NUMBER | |
| System control number | (BD-RjUL)44361 |
| 040 ## - CATALOGING SOURCE | |
| Original cataloging agency | BD-RjUL |
| Language of cataloging | ben |
| Transcribing agency | BD-RjUL |
| 041 ## - LANGUAGE CODE | |
| Language code of text/sound track or separate title | ben |
| 082 ## - DEWEY DECIMAL CLASSIFICATION NUMBER | |
| Edition number | 23 |
| Classification number | 954.1400882971 |
| Author mark and year | SHS 1979 |
| 100 1# - MAIN ENTRY--PERSONAL NAME | |
| Personal name | শামসুদ্দীন, আবু জাফর. |
| 9 (RLIN) | 119848 |
| 245 10 - TITLE STATEMENT | |
| Title | সমাজ সংস্কৃতি ও ইতিহাস / |
| Statement of responsibility, etc. | আবু জাফর শামসুদ্দীন |
| 260 ## - PUBLICATION, DISTRIBUTION, ETC. (IMPRINT) | |
| Place of publication, distribution, etc. | বাংলাদেশ : |
| Name of publisher, distributor, etc. | মুক্তধারা, |
| Date of publication, distribution, etc. | ১৯৭৯ |
| 300 ## - PHYSICAL DESCRIPTION | |
| Pagination | ২০৬ পৃ. ; |
| Size | ২০ সেমি. |
| 650 ## - SUBJECT ADDED ENTRY--TOPICAL TERM | |
| Topical term or geographic name as entry element | ধর্মীয় সম্প্রদায় |
| 9 (RLIN) | 121539 |
| Form subdivision | ইসলাম |
| Topical term or geographic name as entry element | Religious Groups |
| 9 (RLIN) | 127111 |
| Form subdivision | Islam |
| 942 ## - ADDED ENTRY ELEMENTS (KOHA) | |
| Source of classification or shelving scheme | Dewey Decimal Classification |
| Koha item type | Books |
| Lost status | Source of classification or shelving scheme | Damaged status | Not for loan | Collection code | Permanent Location | Current Location | Shelving location | Date acquired | Source of acquisition | Cost, normal purchase price | Total Checkouts | Full call number | Date last seen | Copy number | Koha item type |
|---|---|---|---|---|---|---|---|---|---|---|---|---|---|---|---|
| Dewey Decimal Classification | Non-fiction | Central Library, University of Rajshahi | Central Library, University of Rajshahi | 30/06/1981 | Eureka Book Agency, Rajshahi | 17.00 | B 954.1400882971 SHS 1979 | 16/07/2016 | C-2 | Books |